Introducción al estudio de la filología latina.

Wedi'i Gadw mewn:
Manylion Llyfryddiaeth
Prif Awdur: Herrero, Víctor José (autor)
Fformat: Llyfr
Cyhoeddwyd: Madrid, España: Gredos, 1976.
Rhifyn:Segunda edición.
Cyfres:Biblioteca Universal Gredos,
Pynciau:
Tagiau: Ychwanegu Tag
Dim Tagiau, Byddwch y cyntaf i dagio'r cofnod hwn!

MARC

LEADER 00000nam a22000007a 4500
003 CL-VaPUC
005 20220822114642.0
008 220718t1976 ||||| |||| 00| 0 eng d
999 |c 437209  |d 437207 
020 |a 84-249-2833-4 
040 |c Pontificia Universidad Católica de Valparaíso 
082 7 |a 470 HER 1976  |2 22 
100 1 |a Herrero, Víctor José   |e autor  |9 873243 
245 |a Introducción al estudio de la filología latina.  
250 |a Segunda edición.  
260 |a Madrid, España:  |b Gredos,   |c 1976. 
300 |a 423 páginas.  
490 |a Biblioteca Universal Gredos,   |n  1.  
500 |a c.1 Donación Familia Prof. Alejandro Guzmán Brito. 
583 |c 20220718  |k Cristina María Rojas Aguilar 
650 |a Filología latina.   |9 873244 
942 |2 ddc  |c BK  |n 0 
952 |0 0  |1 0  |2 ddc  |4 0  |6 470_000000000000000_HER_1976  |7 0  |8 C_AGB  |9 584966  |a BIBDER  |b BIBDER  |d 2022-07-18  |e Donación   |i 5653053  |o 470 HER 1976  |p 5653053  |r 2023-01-25  |t 1  |w 2022-07-18  |y BK_US  |k AGB